000
00223nam a22000857a 4500
008
161126b xxu||||| |||| 00| 0 eng d
100
_9
1470
_a
Mayer. M
245
_a
When i get bigger
260
_a
New york
_b
Western publication
_c
1983
999
_c
4191
_d
4191